[Event "FRA-ch opB"]
[Site "Val d'Isere"]
[Date "2004.08.??"]
[Round "5"]
[White "Tisserand, Jean Pierre"]
[Black "Cougoulic, Guillaume"]
[Result "1/2-1/2"]
[WhiteElo "1850"]
[BlackElo "1900"]
[PlyCount "57"]
[EventDate "2004.08.16"]
[EventType "swiss"]
[EventRounds "9"]
[EventCountry "FRA"]
[SourceTitle "EXT 2005"]
[Source "ChessBase"]
[SourceDate "2004.11.15"]
[SourceVersion "1"]
[SourceVersionDate "2004.11.15"]
[SourceQuality "1"]

1. d4 e6 2. c4 d5 3. Nf3 Nf6 4. g3 Be7 5. Bg2 0-0 6. Qc2 b6 7. 0-0 Bb7 8. b3 Nbd7 9. Nc3 c5 10. cxd5 exd5 11. dxc5 bxc5 12. e3 Rc8 13. Bb2 Qb6 14. Qd1 Rfd8 15. Na4 Qc7 16. Rc1 Ne4 17. Qe2 Qc6 18. Rfd1 Ba6 19. Qe1 Bf6 20. Bxf6 Ndxf6 21. Rc2 Qd6 22. Nc3 Nxc3 23. Rxc3 Re8 24. Rcc1 d4 25. Qa5 d3 26. Ne1 Red8 27. Nxd3 Bxd3 28. Bf1 c4 29. bxc4 1/2-1/2

[Event "FRA-chT2"]
[Site "France"]
[Date "2002.03.??"]
[Round "9"]
[White "Tisserand, Jean Pierre"]
[Black "Delorme, Laurie"]
[Result "1/2-1/2"]
[WhiteElo "1920"]
[BlackElo "2022"]
[PlyCount "43"]
[EventDate "2002.??.??"]
[EventType "team"]
[EventRounds "11"]
[EventCountry "FRA"]
[SourceTitle "EXT 2003"]
[Source "ChessBase"]
[SourceDate "2002.11.25"]
[SourceVersion "1"]
[SourceVersionDate "2002.11.25"]
[SourceQuality "1"]

1. d4 d5 2. Nf3 Nf6 3. e3 e6 4. Bd3 c5 5. c3 Nc6 6. Nbd2 Bd6 7. 0-0 0-0 8. dxc5 Bxc5 9. e4 Bd6 10. Qe2 e5 11. exd5 Nxd5 12. Ne4 Bc7 13. Rd1 Qe7 14. Bc2 Nf4 15. Bxf4 exf4 16. Re1 Re8 17. Qb5 Qf8 18. Qh5 h6 19. Nf6+ gxf6 20. Rxe8 Qxe8 21. Qxh6 Be5 22. Bh7+ 1/2-1/2

[Event "FRA-chT2"]
[Site "France"]
[Date "2002.02.??"]
[Round "7"]
[White "Feuvrier, Stephanie"]
[Black "Tisserand, Jean Pierre"]
[Result "0-1"]
[WhiteElo "2066"]
[BlackElo "1920"]
[PlyCount "60"]
[EventDate "2002.??.??"]
[EventType "team"]
[EventRounds "11"]
[EventCountry "FRA"]
[SourceTitle "EXT 2003"]
[Source "ChessBase"]
[SourceDate "2002.11.25"]
[SourceVersion "1"]
[SourceVersionDate "2002.11.25"]
[SourceQuality "1"]

1. e4 g6 2. d4 Bg7 3. Nf3 d6 4. h3 Nf6 5. Nc3 0-0 6. Be3 a6 7. a4 Nbd7 8. Qd2 e5 9. d5 Nc5 10. Ng5 h6 11. b4 hxg5 12. bxc5 Nh7 13. Be2 f5 14. f3 f4 15. Bf2 Nf6 16. a5 Bd7 17. cxd6 cxd6 18. 0-0 Rf7 19. Rfb1 Bc8 20. Na4 Nh5 21. Nb6 Rb8 22. Nc4 Bf8 23. Rb6 Ng3 24. Bd1 Qf6 25. Ra3 g4 26. fxg4 Nxe4 27. Qe1 Nxf2 28. Qxf2 e4 29. Be2 Bd7 30. Nd2 e3 0-1